000 00968nam a2200265Ia 4500
003 OSt
005 20221005111456.0
006 a|||||r|||| 00| 0
007 ta
008 221004b |||||||| |||| 00| 0 hin d
020 _a9788173095757 (pbk)
_c65
024 _a45982
037 _b1155, 21/03/2014, Anamika Publishers & Distributors Pvt. Ltd.
_cTextual
040 _aCRL
_cCRL
_bhin
041 _2hin
_ahin
082 _aO152,3N34x, Q1
100 _aमनोज दास, ले.
245 0 _aचौथा सखा
246 _aChauthā sakhā
260 _aनई दिल्ली
_bसस्ता साहित्य मण्डल प्रकाशन भारत
_c2011
300 _a47चण्
_ccm.
650 _aहिन्दी कहानी
942 _hO152,3N34x, Q1
_cTEXL
_2cc
999 _c1021951
_d1021951